| 000 | 00486nam a2200169Ia 4500 | ||
|---|---|---|---|
| 008 | 210210b1999 xxu||||| |||| 00| 0 eng d | ||
| 020 | _a0 333 73208 1 | ||
| 082 | _a658.3 BRAH | ||
| 100 | _aBRATTON (John) and GOLD (Jeffrey). | ||
| 245 | _aHuman resource management: Theory and practice. Ed 2. | ||
| 250 | _a | ||
| 260 |
_aLondon. _bMacmillan & Co. Ltd. _c1999 |
||
| 300 | _axxiii,407 | ||
| 650 | _aHuman Resource Management | ||
| 690 | _aPersonnel Managemen | ||
| 906 | _a05640 | ||
| 999 |
_c104093 _d104093 |
||